000 00752nam a2200241Ia 4500
008 180523s9999 xx 000 0 und d
020 _a978-981-4221-14-6
050 _aMAIN PE 1128.A2
050 _b.C45 2010
100 _aMurcia, Marianne Celce -
245 4 _aThe Grammar book :
245 3 _ban ESL/EFL teacher's course /
245 0 _cMarianne Celce-Murcia, Dian Larsen-Freeman with Howarrd Williams.
250 _a2nd Edition
260 _aSingapore :
260 _bCengage Learning,
260 _c2008
300 _a854 pages :
300 _c25 cm.
500 _aIncludes bibliographical references and index.
650 _aEnglish language -- Study and teaching -- Foreign speakers.
650 _xEnglish language -- Grammar.
999 _c357365
_d357365